Rent reduction is route to ride out recession (Record no. 81842)

MARC details
000 -LEADER
fixed length control field 01212cab a22001935a 4500
001 - CONTROL NUMBER
control field L148451
008 - FIXED-LENGTH DATA ELEMENTS--GENERAL INFORMATION
fixed length control field 090921s2009 xxk f 000 0 eng d
035 ## - SYSTEM CONTROL NUMBER
System control number (Sirsi) u148451
041 0# - LANGUAGE CODE
Language code of text/sound track or separate title eng
100 1# - MAIN ENTRY--PERSONAL NAME
Personal name Abramson, Yonni
245 00 - TITLE STATEMENT
Title Rent reduction is route to ride out recession
260 ## - PUBLICATION, DISTRIBUTION, ETC.
Date of publication, distribution, etc. 2009
490 #0 - SERIES STATEMENT
Series statement Facilities Management
Volume/sequential designation 16(11) August 2009, 18-19(2)
520 ## - SUMMARY, ETC.
Summary, etc. Commercial tenants are now in a strong position to negotiate a better rent deal with their landlords. Overheads are an excellent starting point for facilities managers seeking to future-proof business finances and it is possible to reduce rents between 10% and 30% with the right approach and advice. Facilities managers need to strengthen their negotiating skills. Describes three possibilities for businesses trying to reduce their rent burden: re-negotiating terms, lease renewal rent reduction and improving cash flow. It is critical that tenants act early to achieve a win-win situation with their landlords.
590 ## - LOCAL NOTE (RLIN)
Local note KA
651 #4 - SUBJECT ADDED ENTRY--GEOGRAPHIC NAME
Geographic name United Kingdom
Chronological subdivision
690 ## - LOCAL SUBJECT ADDED ENTRY--TOPICAL TERM (OCLC, RLIN)
Topical term or geographic name as entry element PROPERTY-COMMERCIAL PROPERTY-LEASEHOLD COMMERCIAL PROPERTY-COMMERCIAL LANDLORD AND TENANT-COMMERCIAL LEASES-COMMERCIAL LEASE RENEWAL
942 ## - ADDED ENTRY ELEMENTS (KOHA)
Suppress in OPAC 0
Holdings
Withdrawn status Lost status Source of classification or shelving scheme Damaged status Not for loan Home library Current library Shelving location Date acquired Total Checkouts Full call number Barcode Date last seen Copy number Price effective from Koha item type
    Dewey Decimal Classification     London London Journal article 21/09/2009   L148451 148451-1001 06/08/2019 1 06/08/2019 Journal article